[Event "World Senior Team ch 1st"]
[Site "Port Erin IOM"]
[Date "2004.10.09"]
[Round "5.2"]
[White "Viner, Phillip"]
[Black "Price, Eddie"]
[Result "0-1"]
[WhiteElo "2151"]
[BlackElo "1880"]
[PlyCount "72"]
[EventDate "2004.10.05"]
[EventType "team-swiss"]
[EventRounds "8"]
[EventCountry "ENG"]
[SourceDate "2014.04.29"]
[WhiteTeam "Australia"]
[BlackTeam "South Africa"]
[WhiteTeamCountry "AUS"]
[BlackTeamCountry "RSA"]

1. d4 f5 2. g3 Nf6 3. Bg2 e6 4. c4 Be7 5. Nc3 O-O 6. e4 fxe4 7. Nxe4 d5 8.
Nxf6+ Bxf6 9. Nf3 dxc4 10. Be3 Nd7 11. Qc2 Nb6 12. h4 Bd7 13. Ng5 Bxg5 14. hxg5
g6 15. Bxb7 Rb8 16. Be4 Be8 17. Rh4 Nd5 18. Bd2 c5 19. dxc5 Qc7 20. Bxd5 exd5
21. Be3 Bd7 22. Qd2 Qe5 23. Rd4 Bf5 24. O-O-O Rb5 25. Bf4 Qe6 26. Re1 Qa6 27.
Rxc4 Rd8 28. a4 Rxb2 29. Kxb2 Qxc4 30. Bd6 d4 31. Ka3 Bc2 32. Qb4 Qd3+ 33. Kb2
a5 34. Qxa5 Rf8 35. Bxf8 Qb3+ 36. Kc1 Bd3 0-1

[Event "World Senior Team ch 1st"]
[Site "Port Erin IOM"]
[Date "2004.10.09"]
[Round "5.3"]
[White "Corish, Aidan"]
[Black "Richardson, Keith"]
[Result "0-1"]
[WhiteElo "1864"]
[BlackElo "2220"]
[PlyCount "98"]
[EventDate "2004.10.05"]
[EventType "team-swiss"]
[EventRounds "8"]
[EventCountry "ENG"]
[SourceDate "2014.04.29"]
[WhiteTeam "Essex"]
[BlackTeam "England"]
[WhiteTeamCountry "ENG"]
[BlackTeamCountry "ENG"]

1. d4 Nf6 2. Nf3 g6 3. c4 Bg7 4. Nc3 O-O 5. e4 d6 6. Be2 e5 7. dxe5 dxe5 8.
Qxd8 Rxd8 9. Bg5 Re8 10. O-O h6 11. Bxf6 Bxf6 12. Rad1 c6 13. Rd2 Na6 14. Rfd1
Kg7 15. h3 Nc5 16. Bf1 Ne6 17. Ne2 Ng5 18. Nxg5 Bxg5 19. Rd6 Be7 20. R6d2 Be6
21. b3 Rad8 22. Rxd8 Rxd8 23. Rxd8 Bxd8 24. Nc1 Bb6 25. Bd3 f5 26. Kf1 f4 27.
f3 Kf6 28. Bc2 Bd4 29. Ne2 Be3 30. Bd3 Kg5 31. Nc3 Kh4 32. Nd1 Bd4 33. Nf2 h5
34. Nh1 Kg5 35. Ke1 Kf6 36. Nf2 Ke7 37. Nd1 Kd6 38. Kd2 a5 39. Kc2 Bc5 40. Nc3
Ke7 41. Bf1 Kf6 42. Na4 Bd4 43. Kd2 Kg5 44. Ke1 Kh4 45. Bd3 Kg3 46. Kf1 g5 47.
Be2 g4 48. hxg4 hxg4 49. Bd1 b5 0-1

[Event "World Senior Team ch 1st"]
[Site "Port Erin IOM"]
[Date "2004.10.09"]
[Round "5.3"]
[White "Gardi, Giuseppe"]
[Black "Mehra, Suman"]
[Result "1-0"]
[WhiteElo "2081"]
[BlackElo "1000"]
[PlyCount "75"]
[EventDate "2004.10.05"]
[EventType "team-swiss"]
[EventRounds "8"]
[EventCountry "ENG"]
[SourceDate "2014.04.29"]
[WhiteTeam "Italy"]
[BlackTeam "Black and White Magazine"]
[WhiteTeamCountry "ITA"]
[BlackTeamCountry "IND"]

1. d4 d5 2. Nf3 Nf6 3. Bf4 e6 4. e3 Nc6 5. Bd3 Bd6 6. Ne5 Bxe5 7. dxe5 Nd7 8.
Bb5 O-O 9. Qh5 f6 10. exf6 Nxf6 11. Qe2 Bd7 12. O-O e5 13. Bg5 d4 14. Nd2 Bf5
15. Rad1 Bg4 16. f3 Bh5 17. Ne4 Nxe4 18. Bxd8 Raxd8 19. Bxc6 bxc6 20. exd4 Nf6
21. dxe5 Nd7 22. Qc4+ Bf7 23. e6 Ne5 24. exf7+ Nxf7 25. Rxd8 Rxd8 26. Re1 h5
27. Re7 Rf8 28. Rxc7 h4 29. h3 g5 30. Rxc6 Kg7 31. Qe6 Nd8 32. Qg6+ Kh8 33.
Qh6+ Kg8 34. Qxg5+ Kf7 35. Rf6+ Ke8 36. Qe5+ Kd7 37. Qd6+ Ke8 38. Rxf8# 1-0

[Event "World Senior Team ch 1st"]
[Site "Port Erin IOM"]
[Date "2004.10.09"]
[Round "5.3"]
[White "Hangelbroek, Pieter"]
[Black "Krstic, Slobodan AUS"]
[Result "0-1"]
[WhiteElo "1803"]
[BlackElo "2049"]
[PlyCount "64"]
[EventDate "2004.10.05"]
[EventType "team-swiss"]
[EventRounds "8"]
[EventCountry "ENG"]
[SourceDate "2014.04.29"]
[WhiteTeam "South Africa"]
[BlackTeam "Australia"]
[WhiteTeamCountry "RSA"]
[BlackTeamCountry "AUS"]

1. d4 g6 2. c4 Bg7 3. Nc3 c5 4. d5 Bxc3+ 5. bxc3 f5 6. Bg5 Qa5 7. Qc2 d6 8. Nf3
Nd7 9. g3 b6 10. h4 h6 11. Bd2 Ndf6 12. Bh3 e5 13. dxe6 Bxe6 14. Bg2 O-O-O 15.
h5 g5 16. a4 Ne7 17. Qb3 Qa6 18. a5 Bxc4 19. Qc2 b5 20. Be3 Bd5 21. Qb2 Rhf8
22. O-O Nxh5 23. Rfb1 f4 24. Bh3+ Kc7 25. gxf4 gxf4 26. Bd2 Bc4 27. Kh2 Rg8 28.
Ne1 Bxe2 29. Qc2 d5 30. Bc1 f3 31. Be3 Qd6+ 32. Kh1 Ng3+ {corrected 10.10.04}
0-1

[Event "World Senior Team ch 1st"]
[Site "Port Erin IOM"]
[Date "2004.10.09"]
[Round "5.3"]
[White "Hohler, Peter"]
[Black "Kraidman, Yair"]
[Result "1/2-1/2"]
[WhiteElo "2248"]
[BlackElo "2307"]
[PlyCount "45"]
[EventDate "2004.10.05"]
[EventType "team-swiss"]
[EventRounds "8"]
[EventCountry "ENG"]
[SourceDate "2014.04.29"]
[WhiteTeam "Switzerland"]
[BlackTeam "Israel"]
[WhiteTeamCountry "SUI"]
[BlackTeamCountry "ISR"]

1. d4 d5 2. c4 c6 3. Nf3 Nf6 4. e3 g6 5. Nc3 Bg7 6. Bd3 O-O 7. O-O dxc4 8. Bxc4
Nd5 9. Bd2 Nb6 10. Be2 Bg4 11. Qc2 N8d7 12. Rfd1 Qc7 13. Rac1 e5 14. Nxe5 Nxe5
15. dxe5 Bxe2 16. Nxe2 Bxe5 17. h3 Rfd8 18. Bc3 Nd5 19. Bxe5 Qxe5 20. Nc3 Nxc3
21. Qxc3 Qxc3 22. bxc3 Kf8 23. Kf1 1/2-1/2

[Event "World Senior Team ch 1st"]
[Site "Port Erin IOM"]
[Date "2004.10.09"]
[Round "5.3"]
[White "Klundt, Klaus"]
[Black "Edwards, Raymond B"]
[Result "1-0"]
[WhiteElo "2358"]
[BlackElo "2119"]
[PlyCount "39"]
[EventDate "2004.10.05"]
[EventType "team-swiss"]
[EventRounds "8"]
[EventCountry "ENG"]
[SourceDate "2014.04.29"]
[WhiteTeam "Germany"]
[BlackTeam "England II"]
[WhiteTeamCountry "GER"]
[BlackTeamCountry "ENG"]

1. e4 c6 2. d4 d5 3. exd5 cxd5 4. c4 Nf6 5. Nc3 e6 6. Nf3 Nc6 7. Bg5 Be7 8. c5
O-O 9. Bb5 h6 10. Bh4 Ne4 11. Bxe7 Nxe7 12. O-O b6 13. Qd3 Rb8 14. Nxe4 dxe4
15. Qxe4 bxc5 16. Bd3 f5 17. Qe5 Qb6 18. dxc5 Qxb2 19. Qd6 Rb7 20. Ba6 1-0

[Event "World Senior Team ch 1st"]
[Site "Port Erin IOM"]
[Date "2004.10.09"]
[Round "5.3"]
[White "Rety, John"]
[Black "Robertson, Alan B"]
[Result "1-0"]
[WhiteElo "2001"]
[BlackElo "1464"]
[PlyCount "67"]
[EventDate "2004.10.05"]
[EventType "team-swiss"]
[EventRounds "8"]
[EventCountry "ENG"]
[SourceDate "2014.04.29"]
[WhiteTeam "Britain 3"]
[BlackTeam "Chessmann"]
[WhiteTeamCountry "GBR"]
[BlackTeamCountry "IOM"]

1. c4 e5 2. g3 Nf6 3. b3 c6 4. Bb2 Qc7 5. Bg2 d6 6. Nc3 Bf5 7. Nf3 Na6 8. Rc1
Qd7 9. h3 Nc7 10. a3 a5 11. Na4 Ra6 12. c5 Ne4 13. cxd6 Bxd6 14. Nxe5 Qe6 15.
Nc4 Nxg3 16. Nxd6+ Qxd6 17. fxg3 Qxg3+ 18. Kf1 Qf4+ 19. Kg1 Nd5 20. e3 Nxe3 21.
Qe2 O-O 22. Qxe3 Qh4 23. Qe5 Qg5 24. Rf1 c5 25. Rxf5 Qg6 26. Rg5 Qb1+ 27. Kh2
Qxh1+ 28. Bxh1 f6 29. Qd5+ Kh8 30. Qxb7 Rg8 31. Rxg7 Rxg7 32. Qxa6 Rf7 33. Qe6
Kg7 34. Bd5 1-0

[Event "World Senior Team ch 1st"]
[Site "Port Erin IOM"]
[Date "2004.10.09"]
[Round "5.4"]
[White "Benson, Lachlan"]
[Black "Goldstein, Anthony"]
[Result "1-0"]
[WhiteElo "1955"]
[BlackElo "1500"]
[PlyCount "83"]
[EventDate "2004.10.05"]
[EventType "team-swiss"]
[EventRounds "8"]
[EventCountry "ENG"]
[SourceDate "2014.04.29"]
[WhiteTeam "Australia"]
[BlackTeam "South Africa"]
[WhiteTeamCountry "AUS"]
[BlackTeamCountry "RSA"]

1. e4 e5 2. Nf3 Nc6 3. Bb5 a6 4. Ba4 Nf6 5. O-O d6 6. c3 Be7 7. Re1 O-O 8. h3
Nd7 9. d4 b5 10. Bc2 Nb6 11. b3 h6 12. Nbd2 b4 13. Bb2 bxc3 14. Bxc3 Nd7 15. d5
Ncb8 16. Ba5 Nb6 17. Rc1 c5 18. Nc4 N8d7 19. Nh2 Rb8 20. Bb1 Qe8 21. Nxb6 Nxb6
22. Rc3 Qb5 23. Bxb6 Qxb6 24. Ree3 a5 25. Bc2 Bg5 26. Re1 Bd7 27. Nf3 Qd8 28.
Kh2 f5 29. Nd2 Bxd2 30. Qxd2 f4 31. Bd1 Rb4 32. Rc4 Qb6 33. Be2 Bb5 34. Rxb4
axb4 35. Bg4 Ra8 36. Be6+ Kf8 37. g3 g5 38. gxf4 gxf4 39. Rg1 Re8 40. Qd1 Ke7
41. Qh5 c4 42. Qh4+ 1-0

[Event "World Senior Team ch 1st"]
[Site "Port Erin IOM"]
[Date "2004.10.09"]
[Round "5.4"]
[White "David, Vidya"]
[Black "Profaizer, Gino"]
[Result "0-1"]
[WhiteElo "800"]
[BlackElo "1990"]
[PlyCount "22"]
[EventDate "2004.10.05"]
[EventType "team-swiss"]
[EventRounds "8"]
[EventCountry "ENG"]
[SourceDate "2014.04.29"]
[WhiteTeam "Black and White Magazine"]
[BlackTeam "Italy"]
[WhiteTeamCountry "IND"]
[BlackTeamCountry "ITA"]

1. e4 c6 2. d4 d5 3. exd5 cxd5 4. Nf3 Nc6 5. Nc3 Bg4 6. Bb5 Rc8 7. O-O e6 8.
Be3 Bd6 9. h4 Bxf3 10. gxf3 Qxh4 11. Qe2 Qh2# 0-1

[Event "World Senior Team ch 1st"]
[Site "Port Erin IOM"]
[Date "2004.10.09"]
[Round "5.4"]
[White "Milner, Edward"]
[Black "Smith, David"]
[Result "1/2-1/2"]
[WhiteElo "1416"]
[BlackElo "1728"]
[PlyCount "41"]
[EventDate "2004.10.05"]
[EventType "team-swiss"]
[EventRounds "8"]
[EventCountry "ENG"]
[SourceDate "2014.04.29"]
[WhiteTeam "Chessmann"]
[BlackTeam "Britain 3"]
[WhiteTeamCountry "IOM"]
[BlackTeamCountry "GBR"]

1. e4 d6 2. d4 Nf6 3. Nc3 g6 4. Bc4 c6 5. e5 dxe5 6. dxe5 Qxd1+ 7. Nxd1 Ng4 8.
f4 Bg7 9. Nf3 b5 10. Bd3 Na6 11. h3 Nh6 12. Be4 Bd7 13. Be3 Nf5 14. Bf2 Nb4 15.
Nc3 Rc8 16. g4 Nh6 17. a3 Nd5 18. Bxd5 cxd5 19. Bxa7 e6 20. Be3 f6 21. Bd4
1/2-1/2

[Event "World Senior Team ch 1st"]
[Site "Port Erin IOM"]
[Date "2004.10.09"]
[Round "5.4"]
[White "Stepak, Yedael"]
[Black "Illi, Hans-Joerg"]
[Result "1/2-1/2"]
[WhiteElo "2302"]
[BlackElo "2173"]
[PlyCount "35"]
[EventDate "2004.10.05"]
[EventType "team-swiss"]
[EventRounds "8"]
[EventCountry "ENG"]
[SourceDate "2014.04.29"]
[WhiteTeam "Israel"]
[BlackTeam "Switzerland"]
[WhiteTeamCountry "ISR"]
[BlackTeamCountry "SUI"]

1. d4 d5 2. Nf3 Nf6 3. c4 c6 4. e3 a6 5. Be2 Bg4 6. Nbd2 e6 7. O-O Bd6 8. b3
Nbd7 9. Bb2 O-O 10. h3 Bh5 11. Ne5 Bxe2 12. Qxe2 Ne4 13. Nxe4 dxe4 14. Nxd7
Qxd7 15. f3 exf3 16. Rxf3 Qe7 17. e4 e5 18. d5 1/2-1/2

[Event "World Senior Team ch 1st"]
[Site "Port Erin IOM"]
[Date "2004.10.09"]
[Round "5.4"]
[White "Wheeler, John"]
[Black "Heppinstall, Roy"]
[Result "1/2-1/2"]
[WhiteElo "2209"]
[BlackElo "1832"]
[PlyCount "87"]
[EventDate "2004.10.05"]
[EventType "team-swiss"]
[EventRounds "8"]
[EventCountry "ENG"]
[SourceDate "2014.04.29"]
[WhiteTeam "England"]
[BlackTeam "Essex"]
[WhiteTeamCountry "ENG"]
[BlackTeamCountry "ENG"]

1. d4 d5 2. c4 c6 3. Nf3 Nf6 4. Nc3 dxc4 5. a4 Bf5 6. Ne5 e6 7. f3 Be7 8. e4
Bg6 9. Bxc4 Nbd7 10. Nxd7 Qxd7 11. Be3 O-O 12. Qd2 Qc7 13. O-O a6 14. Rac1 Rad8
15. Qf2 Qb8 16. Ne2 Rd7 17. Nf4 b5 18. Bb3 Qb7 19. Rfd1 Rfd8 20. Nd3 Bh5 21.
Ne5 Rc7 22. g4 Bg6 23. d5 cxd5 24. Rxc7 Qxc7 25. Nxg6 hxg6 26. Bb6 Qc8 27. Kg2
Rd7 28. g5 Ne8 29. exd5 exd5 30. axb5 axb5 31. h4 Nd6 32. Rxd5 Nc4 33. Bxc4
bxc4 {(=)} 34. Rd2 Rxd2 35. Qxd2 Qe6 36. Qe3 Qxe3 37. Bxe3 f6 38. f4 Kf7 39.
Kf3 f5 40. Bd4 Bf8 41. Be5 Ke6 42. Ke3 Kd5 43. Kd2 Bb4+ 44. Ke3 1/2-1/2

[Event "World Senior Team ch 1st"]
[Site "Port Erin IOM"]
[Date "2004.10.09"]
[Round "5.4"]
[White "Williams, Chris"]
[Black "Malich, Burkhard"]
[Result "0-1"]
[WhiteElo "1968"]
[BlackElo "2360"]
[PlyCount "132"]
[EventDate "2004.10.05"]
[EventType "team-swiss"]
[EventRounds "8"]
[EventCountry "ENG"]
[SourceDate "2014.04.29"]
[WhiteTeam "England II"]
[BlackTeam "Germany"]
[WhiteTeamCountry "ENG"]
[BlackTeamCountry "GER"]

1. d4 d5 2. c4 c6 3. Nf3 Nf6 4. Nc3 a6 5. Bg5 e6 6. e3 Be7 7. Qc2 Nbd7 8. Bd3
h6 9. Bh4 dxc4 10. Bxc4 b5 11. Be2 Bb7 12. O-O Rc8 13. Rfd1 O-O 14. Rac1 Qe8
15. Ne5 c5 16. Nxd7 Nxd7 17. Bxe7 Qxe7 18. d5 c4 19. d6 Qg5 20. Ne4 Qg6 21. Bf3
Bd5 22. Ng3 Qxc2 23. Rxc2 Bxf3 24. gxf3 Ne5 25. Kg2 Rfd8 26. Ne2 f6 27. f4 Nd3
28. Nd4 Nb4 29. Rcd2 Rxd6 30. a4 Rcd8 31. axb5 axb5 32. Kf1 Nc6 33. Nf3 Rxd2
34. Rxd2 Rd5 35. Ke2 Kf7 36. e4 Rxd2+ 37. Kxd2 Ke7 38. Kc3 Kd6 39. b4 cxb3 40.
Kxb3 Kc5 41. Kc3 b4+ 42. Kd3 Kb5 43. Nd2 e5 44. fxe5 Nxe5+ 45. Kd4 Ng4 46. f4
Nxh2 47. e5 fxe5+ 48. fxe5 Ng4 49. e6 Kc6 50. Nc4 Nf6 51. Ke5 Ne8 52. Na5+ Kc7
53. Kf5 Kd6 54. Nc4+ Kd5 55. Nb6+ Kd4 56. Kg6 b3 57. Na4 Ke5 58. Kf7 h5 59. Nc5
Nd6+ 60. Ke7 Nf5+ 61. Kf7 h4 62. Nxb3 h3 63. Nd2 Kf4 64. Nf1 g5 65. Kg6 g4 66.
Ng3 Nd6 0-1

[Event "World Senior Team ch 1st"]
[Site "Port Erin IOM"]
[Date "2004.10.10"]
[Round "6.1"]
[White "Littlewood, John E"]
[Black "Uhlmann, Wolfgang"]
[Result "0-1"]
[WhiteElo "2308"]
[BlackElo "2406"]
[PlyCount "78"]
[EventDate "2004.10.05"]
[EventType "team-swiss"]
[EventRounds "8"]
[EventCountry "ENG"]
[SourceDate "2014.04.29"]
[WhiteTeam "England"]
[BlackTeam "Germany"]
[WhiteTeamCountry "ENG"]
[BlackTeamCountry "GER"]

1. e4 e6 2. d3 d5 3. Nd2 Nf6 4. Ngf3 c5 5. g3 Nc6 6. Bg2 Be7 7. O-O O-O 8. Re1
b5 9. a3 a5 10. e5 Nd7 11. c4 bxc4 12. dxc4 Nb6 13. h4 Rb8 14. Ng5 Nd4 15. b4
axb4 16. axb4 cxb4 17. Bb2 dxc4 18. Nxc4 Nxc4 19. Bxd4 Bb7 20. Bxb7 Rxb7 21.
Nxh7 Kxh7 22. Qd3+ Kg8 23. Qxc4 Rc7 24. Qd3 Qd5 25. Qe3 Rd8 26. Bb6 Bc5 27.
Bxc5 Rxc5 28. Kh2 Rc2 29. Ra7 Qd4 30. Ra8 Rxf2+ 31. Kg1 Rd2 32. Qxd4 R2xd4 33.
Rxd8+ Rxd8 34. Rb1 Rb8 35. Rb3 Kf8 36. g4 Ke7 37. Kf2 Kd7 38. h5 Kc6 39. g5 Kd5
0-1

[Event "World Senior Team ch 1st"]
[Site "Port Erin IOM"]
[Date "2004.10.10"]
[Round "6.1"]
[White "Murey, Jacob"]
[Black "Wade, Robert G"]
[Result "1-0"]
[WhiteElo "2450"]
[BlackElo "2174"]
[PlyCount "87"]
[EventDate "2004.10.05"]
[EventType "team-swiss"]
[EventRounds "8"]
[EventCountry "ENG"]
[SourceDate "2014.04.29"]
[WhiteTeam "Israel"]
[BlackTeam "England II"]
[WhiteTeamCountry "ISR"]
[BlackTeamCountry "ENG"]

1. e4 Nf6 2. e5 Nd5 3. d4 d6 4. c4 Nb6 5. f4 Bf5 6. Nc3 e6 7. Be3 dxe5 8. fxe5
N8d7 9. Nf3 Bb4 10. Rc1 O-O 11. Be2 f6 12. exf6 Nxf6 13. O-O Ng4 14. Bg5 Be7
15. Bxe7 Qxe7 16. Qd2 c5 17. h3 Nf6 18. Qe3 cxd4 19. Nxd4 Rae8 20. Nxf5 exf5
21. Qxe7 Rxe7 22. Rxf5 Rfe8 23. c5 Nbd7 24. Bc4+ Kh8 25. b4 g6 26. Rf4 Kg7 27.
Nb5 a5 28. Nd6 Ra8 29. Nxb7 axb4 30. Bb5 Nd5 31. Rd4 Nc3 32. Rxb4 Nxa2 33. Ra1
Nxb4 34. Rxa8 Ne5 35. Nd6 Nbc6 36. Ra6 Nd4 37. Ba4 Ne2+ 38. Kh2 Nc3 39. Bc2 Nd5
40. Bb3 Nb4 41. Rb6 Nbc6 42. Bd5 Nd8 43. c6 Kh6 44. Nf5+ 1-0

[Event "World Senior Team ch 1st"]
[Site "Port Erin IOM"]
[Date "2004.10.10"]
[Round "6.1"]
[White "Reuben, Stewart"]
[Black "Howson, Jim"]
[Result "1-0"]
[WhiteElo "2150"]
[BlackElo "2000"]
[PlyCount "89"]
[EventDate "2004.10.05"]
[EventType "team-swiss"]
[EventRounds "8"]
[EventCountry "ENG"]
[SourceDate "2014.04.29"]
[WhiteTeam "Black and White Magazine"]
[BlackTeam "Essex"]
[WhiteTeamCountry "IND"]
[BlackTeamCountry "ENG"]

1. c4 e5 2. g3 g6 3. Bg2 Bg7 4. Nc3 Ne7 5. e3 O-O 6. Nge2 c6 7. d4 d6 8. b3 Bg4
9. dxe5 dxe5 10. Ba3 Bxe2 11. Kxe2 Qc7 12. Qd6 Qxd6 13. Bxd6 Re8 14. Rad1 Nc8
15. Ne4 f5 16. Bxb8 Rxb8 17. Nc5 Nb6 18. a4 e4 19. a5 Bf8 20. Nxe4 fxe4 21.
axb6 axb6 22. Rd4 Ra8 23. Rb1 Ra2+ 24. Kf1 Bg7 25. Rxe4 Rd8 26. Rf4 Rdd2 27.
Bh3 h5 28. Be6+ Kh7 29. Bc8 Bh6 30. Rf7+ Kh8 31. Bxb7 Kg8 32. Rf3 c5 33. Bd5+
Kh8 34. b4 Rab2 35. Rxb2 Rxb2 36. b5 Bg7 37. Rf7 Bc3 38. Rb7 Ba5 39. e4 Bc3 40.
Rxb6 Bd4 41. Rb8+ Kg7 42. Rg8+ Kh6 43. Rf8 g5 44. h3 h4 45. g4 1-0

[Event "World Senior Team ch 1st"]
[Site "Port Erin IOM"]
[Date "2004.10.10"]
[Round "6.1"]
[White "Wilson, Peter"]
[Black "Heyns, Anthon"]
[Result "0-1"]
[WhiteElo "2169"]
[BlackElo "2010"]
[PlyCount "96"]
[EventDate "2004.10.05"]
[EventType "team-swiss"]
[EventRounds "8"]
[EventCountry "ENG"]
[SourceDate "2014.04.29"]
[WhiteTeam "Britain 3"]
[BlackTeam "South Africa"]
[WhiteTeamCountry "GBR"]
[BlackTeamCountry "RSA"]

1. e4 e5 2. f4 exf4 3. Nf3 Ne7 4. Bc4 d5 5. exd5 Nxd5 6. O-O Be7 7. d4 Be6 8.
Bxd5 Bxd5 9. Bxf4 O-O 10. c3 c5 11. Qd3 Nc6 12. dxc5 Bxc5+ 13. Kh1 Be6 14. Qxd8
Raxd8 15. Nbd2 h6 16. Nb3 Bb6 17. Rfd1 Rfe8 18. h3 Rd5 19. Rxd5 Bxd5 20. Re1
Rxe1+ 21. Nxe1 Kf8 22. Nd3 Ke7 23. Ne5 Nxe5 24. Bxe5 f6 25. Bh2 Ke6 26. Bg1
Bxg1 27. Kxg1 f5 28. Nd4+ Ke5 29. b3 g5 30. Kf2 h5 31. Nf3+ Kf6 32. g3 f4 33.
a4 Bxb3 34. gxf4 gxf4 35. a5 Be6 36. h4 Bd5 37. Ng5 Kf5 38. Nf3 Bxf3 39. Kxf3
a6 40. c4 Ke5 41. Ke2 Ke4 42. Kf2 f3 43. Kf1 Ke3 44. Ke1 f2+ 45. Kf1 Kf3 46. c5
Ke3 47. c6 bxc6 48. Kg2 Ke2 0-1

[Event "World Senior Team ch 1st"]
[Site "Port Erin IOM"]
[Date "2004.10.10"]
[Round "6.1"]
[White "Zaric, Srboljub"]
[Black "Gill, Neville"]
[Result "1-0"]
[WhiteElo "2230"]
[BlackElo "2046"]
[PlyCount "103"]
[EventDate "2004.10.05"]
[EventType "team-swiss"]
[EventRounds "8"]
[EventCountry "ENG"]
[SourceDate "2014.04.29"]
[WhiteTeam "Australia"]
[BlackTeam "Chessmann"]
[WhiteTeamCountry "AUS"]
[BlackTeamCountry "IOM"]

1. e4 e5 2. Nf3 Nc6 3. Bb5 a6 4. Ba4 d6 5. Bxc6+ bxc6 6. d4 f6 7. c4 Ne7 8. Nc3
Ng6 9. Qa4 Bd7 10. c5 Be7 11. h4 h5 12. Ne2 Qb8 13. O-O Qb5 14. Qc2 Bg4 15. a4
Qb7 16. Ra3 Rb8 17. dxe5 fxe5 18. Ng5 Nxh4 19. Ng3 Ng6 20. cxd6 cxd6 21. Nf5
Bxf5 22. exf5 Nf8 23. Ne6 Bf6 24. Rd1 Nxe6 25. fxe6 Ke7 26. Rc3 Rbc8 27. Qf5
Qb4 28. Rg3 Rhf8 29. Bg5 Bxg5 30. Qxg5+ Kxe6 31. Qxg7 Rf6 32. Rg6 Rcf8 33. Qxf8
Rxg6 34. Qe8+ Kf5 35. Qxc6 Qe4 36. Qd7+ Kf4 37. g3+ Kf3 38. Qh3 Qc2 39. Qxh5+
Rg4 40. Qf7+ Ke2 41. Rxd6 Qxa4 42. Qd7 Qxd7 43. Rxd7 Rb4 44. Kg2 Rxb2 {(=)} 45.
Re7 Rb5 46. f4 e4 47. Rxe4+ Kd3 48. Ra4 Rb6 49. f5 Ke3 50. g4 Rb2+ 51. Kg3 Rb1
52. Kh4 1-0

[Event "World Senior Team ch 1st"]
[Site "Port Erin IOM"]
[Date "2004.10.10"]
[Round "6.2"]
[White "Ellison, D George"]
[Black "Sotter, Gerlinde"]
[Result "1-0"]
[WhiteElo "2097"]
[BlackElo "1600"]
[PlyCount "87"]
[EventDate "2004.10.05"]
[EventType "team-swiss"]
[EventRounds "8"]
[EventCountry "ENG"]
[SourceDate "2014.04.29"]
[WhiteTeam "Essex"]
[BlackTeam "Black and White Magazine"]
[WhiteTeamCountry "ENG"]
[BlackTeamCountry "IND"]

1. e4 e6 2. d4 d5 3. Nc3 Nf6 4. e5 Nfd7 5. Nce2 c5 6. c3 Nc6 7. f4 cxd4 8. cxd4
Qb6 9. Nf3 Be7 10. g3 O-O 11. Bh3 f5 12. O-O Rf7 13. g4 g6 14. gxf5 gxf5 15.
Kh1 Nf8 16. Rg1+ Ng6 17. Ng3 Qd8 18. Nh5 Kh8 19. Ng5 Bxg5 20. Rxg5 Nce7 21. Be3
Bd7 22. Qf3 Bc6 23. Rag1 Nh4 24. Qe2 Nhg6 25. Nf6 Qf8 26. Qh5 Qg7 27. Bf1 Rxf6
28. exf6 Qxf6 29. Be2 Rf8 30. Qh3 Rg8 31. Qg3 Qf8 32. Bh5 Be8 33. Qe1 Bc6 34.
Bd2 Qf6 35. Qe3 Nf8 36. Rxg8+ Nxg8 37. Qe5 Nd7 38. Qxf6+ Ndxf6 39. Bf7 Nh6 40.
Bxe6 Bd7 41. Bxd7 Nxd7 42. Rc1 Nb6 43. b3 Nf7 44. Bb4 1-0

[Event "World Senior Team ch 1st"]
[Site "Port Erin IOM"]
[Date "2004.10.10"]
[Round "6.2"]
[White "Farrand, Julian"]
[Black "Tseitlin, Mark"]
[Result "0-1"]
[WhiteElo "2205"]
[BlackElo "2406"]
[PlyCount "92"]
[EventDate "2004.10.05"]
[EventType "team-swiss"]
[EventRounds "8"]
[EventCountry "ENG"]
[SourceDate "2014.04.29"]
[WhiteTeam "England II"]
[BlackTeam "Israel"]
[WhiteTeamCountry "ENG"]
[BlackTeamCountry "ISR"]

1. d4 Nf6 2. Nc3 d5 3. Bg5 Nbd7 4. e3 e6 5. Bd3 c5 6. a3 Be7 7. Nf3 O-O 8. O-O
b6 9. Re1 Bb7 10. Bxf6 Bxf6 11. Qd2 a6 12. Rad1 Qc7 13. h3 b5 14. Nb1 e5 15.
dxe5 Nxe5 16. Nxe5 Bxe5 17. c3 f5 18. Qc2 Qf7 19. f4 Bc7 20. Qf2 Rae8 21. Nd2
Qf6 22. Nf3 Re7 23. Bb1 h6 24. Ba2 c4 25. Bb1 g6 26. Nd4 Bc8 27. Qf3 Rd8 28.
Rd2 Kh8 29. g3 Bb6 30. Rde2 h5 31. h4 Bc5 32. Kh2 Rb7 33. Rd2 a5 34. Nc2 Be6
35. Ba2 Rb6 36. Nd4 Bf7 37. Qd1 b4 38. Qa4 Qd6 39. Nb5 Qb8 40. axb4 axb4 41.
cxb4 Rxb5 42. bxc5 Rxb2 43. Red1 d4 44. Qa3 Rxd2+ 45. Rxd2 Qa8 46. Qb4 Rb8 0-1

[Event "World Senior Team ch 1st"]
[Site "Port Erin IOM"]
[Date "2004.10.10"]
[Round "6.2"]
[White "Hangelbroek, Pieter"]
[Black "Flockhart, Hugh"]
[Result "0-1"]
[WhiteElo "1803"]
[BlackElo "1926"]
[PlyCount "44"]
[EventDate "2004.10.05"]
[EventType "team-swiss"]
[EventRounds "8"]
[EventCountry "ENG"]
[SourceDate "2014.04.29"]
[WhiteTeam "South Africa"]
[BlackTeam "Britain 3"]
[WhiteTeamCountry "RSA"]
[BlackTeamCountry "GBR"]

1. d4 Nf6 2. c4 c5 3. d5 b5 4. Nc3 b4 5. Nb1 g6 6. a3 bxa3 7. Rxa3 Bg7 8. Nc3
O-O 9. e4 d6 10. f4 e6 11. Nf3 exd5 12. cxd5 Re8 13. e5 dxe5 14. fxe5 Bb7 15.
Bc4 Nbd7 16. Bb5 Ng4 17. Bg5 f6 18. Bxd7 Qxd7 19. e6 fxg5 20. O-O Qd6 21. Qd2
Bd4+ 22. Nxd4 Qxh2# 0-1

[Event "World Senior Team ch 1st"]
[Site "Port Erin IOM"]
[Date "2004.10.10"]
[Round "6.2"]
[White "Hecht, Hans-Joachim"]
[Black "James, Geoffrey H"]
[Result "1-0"]
[WhiteElo "2389"]
[BlackElo "2224"]
[PlyCount "67"]
[EventDate "2004.10.05"]
[EventType "team-swiss"]
[EventRounds "8"]
[EventCountry "ENG"]
[SourceDate "2014.04.29"]
[WhiteTeam "Germany"]
[BlackTeam "England"]
[WhiteTeamCountry "GER"]
[BlackTeamCountry "ENG"]

1. d4 Nf6 2. c4 e6 3. g3 Bb4+ 4. Bd2 Bxd2+ 5. Qxd2 O-O 6. Bg2 d6 7. Nc3 Nbd7 8.
e4 c6 9. Nf3 e5 10. O-O Re8 11. Rad1 Qe7 12. Rfe1 Nb6 13. b3 Bg4 14. h3 Bxf3
15. Bxf3 Rad8 16. Bg2 Nfd7 17. Kh2 Nf8 18. d5 c5 19. h4 h6 20. Bh3 a6 21. Rb1
Nbd7 22. f3 Rb8 23. Nd1 Kh7 24. Ne3 Nf6 25. b4 b6 26. bxc5 bxc5 27. Qa5 Qa7 28.
Nf5 Rxb1 29. Rxb1 Rb8 30. Rxb8 Qxb8 31. Qxa6 Qb2+ 32. Bg2 Qf2 33. Qxd6 Ng6 34.
Qc7 1-0